000 00980nam a2200253 a 4500
001 72715
003 BD-RjUL
005 20211209082312.0
008 170522s1949 enk 001 0 eng d
035 _a(BD-RjUL)72933
040 _aDLC
_cTU
_dDLC
_dBD-RjUL
_beng
041 _aeng
082 0 0 _223
_a581.941
_bJOF 1949
100 1 _aJohns, C. A.
_q(Charles Alexander),
_d1811-1874.
_9215090
245 1 0 _aFlowers of the field /
_cby C. A. Johns.; Rev. throughout and ed. by R.A. Blakelock. With an appendix including the Pipe-wort tribe (Eriocaulaceæ), the Sedge tribe (Cyperaceæ), and the Grass tribe (Gramineæ) With 266 coloured illus. by E.N. Gwatkin and 245 cuts in the text.
250 _aPresent rev. ed.
260 _aLondon :
_bRoutledge & K. Paul
_c1949
300 _axiv, 356 p. :
_bill. ;
_c23 cm.
500 _aIncludes index
650 0 _aBotany
_zGreat Britain.
_9215091
700 _aBlakelock, R.A.
_9215092
942 _2ddc
_cBK
999 _c72715
_d72715